000 00413nam a2200157Ia 4500
008 230312s9999||||xx |||||||||||||| ||und||
020 _a0-534-51295-x
082 _a791.45023
_bEAS-B
100 _aEastman,Susan Tyler
245 0 _aBroadcast / Cable/ Web Programming
260 _bThomson
_aUSA
_c2002
300 _a465
546 _aEng.
650 _aComputer
_vProgramming Resources and Constraints
942 _cBK
999 _c128
_d128